[Event "20th EUR-ch"]
[Site "Skopje MKD"]
[Date "2019.03.24"]
[Round "6"]
[White "Marinskii, Yurii"]
[Black "Pastar, Slaven"]
[Result "1-0"]
[WhiteElo "2156"]
[BlackElo "2324"]
[EventDate "2019.03.18"]
[Board "148"]
[PlyCount "109"]

1.e4 e5 2.Nf3 Nc6 3.Bb5 Nf6 4.Nc3 Bd6 5.d4 Nxd4 6.Nxd4 exd4 7.Qxd4 Qe7 8.
f3 c6 9.Ba4 b5 10.Bb3 Bc5 11.Qd3 a5 12.a4 b4 13.Ne2 d5 14.Be3 Bxe3 15.Qxe3
dxe4 16.O-O-O O-O 17.Ng3 Be6 18.Nxe4 Bxb3 19.Nxf6+ Qxf6 20.cxb3 Rfe8 21.
Qd4 Qe6 22.Qd3 h5 23.Qc2 h4 24.h3 c5 25.Kb1 Rac8 26.Rc1 Qe3 27.Rhd1 Rcd8 
28.Ka2 Rxd1 29.Rxd1 Qg5 30.Qd2 Qg6 31.Rc1 Qf5 32.Qf2 Re5 33.Qxh4 g5 34.Qc4
Rd5 35.Rc2 Kg7 36.Rc1 Qe5 37.Qc2 Qd6 38.Qc4 Kf6 39.h4 Kg7 40.hxg5 Rxg5 41.
g4 Qd4 42.Re1 Kf8 43.Qb5 Rd5 44.Qe8+ Kg7 45.Rh1 Rd8 46.Qe7 Rd6 47.Qh4 Kf8 
48.Rc1 Re6 49.Rc4 Qd5 50.Qh8+ Ke7 51.Qc8 Rc6 52.Re4+ Re6 53.Qc7+ Ke8 54.
Rc4 Rc6 55.Qxa5 1-0

[Event "20th EUR-ch"]
[Site "Skopje MKD"]
[Date "2019.03.24"]
[Round "6"]
[White "Mihov, Filip"]
[Black "Tate, Alan"]
[Result "1/2-1/2"]
[WhiteElo "2152"]
[BlackElo "2306"]
[EventDate "2019.03.18"]
[Board "149"]
[PlyCount "72"]

1.c4 e6 2.d4 b6 3.e4 Bb7 4.Bd3 Bb4+ 5.Kf1 Be7 6.Nc3 d6 7.Nge2 Nf6 8.f3 a6 
9.Be3 c5 10.d5 exd5 11.cxd5 b5 12.Ng3 h5 13.a4 b4 14.Nb1 g6 15.Nd2 Nbd7 
16.Nc4 a5 17.Kf2 Ba6 18.Nf1 Nb6 19.Nxa5 Nbxd5 20.Nc6 Nxe3 21.Nxe3 Qb6 22.
Bxa6 Qxa6 23.Nxe7 Kxe7 24.b3 Rhe8 25.Qc2 Kf8 26.Rhd1 Re6 27.Rd2 Nd7 28.Nc4
Rc8 29.Rad1 Rc6 30.Rd3 Ne5 31.Nxe5 Rxe5 32.Qd2 Re6 33.e5 Re7 34.Rxd6 Rxd6 
35.Qxd6 Qxd6 36.Rxd6 c4 1/2-1/2

[Event "20th EUR-ch"]
[Site "Skopje MKD"]
[Date "2019.03.24"]
[Round "6"]
[White "Risteski, Emil"]
[Black "Antova, Gabriela"]
[Result "1/2-1/2"]
[WhiteElo "2132"]
[BlackElo "2286"]
[EventDate "2019.03.18"]
[Board "150"]
[PlyCount "63"]

1.e4 c5 2.Nf3 d6 3.d4 cxd4 4.Nxd4 Nf6 5.Nc3 a6 6.g3 e5 7.Nde2 b5 8.Bg2 Bb7
9.Bg5 Nbd7 10.Nd5 Bxd5 11.exd5 Be7 12.O-O Rc8 13.c3 O-O 14.a4 Nc5 15.axb5 
axb5 16.Bxf6 Bxf6 17.b4 Na4 18.Qd3 Qb6 19.Rfb1 g6 20.Ra3 Qa6 21.Rba1 Qb7 
22.g4 Rc7 23.Ng3 Be7 24.Bf1 Rb8 25.Qf3 Nb6 26.Bg2 Rbc8 27.Qd3 Nc4 28.Ra6 
Kh8 29.Qf3 Rf8 30.R1a2 Rd7 31.Bh3 Rc7 32.Kg2 1/2-1/2

[Event "20th EUR-ch"]
[Site "Skopje MKD"]
[Date "2019.03.24"]
[Round "6"]
[White "Sekelja, Marko"]
[Black "Unuk, Laura"]
[Result "0-1"]
[WhiteElo "2120"]
[BlackElo "2266"]
[EventDate "2019.03.18"]
[Board "151"]
[PlyCount "62"]

1.e4 e6 2.d4 d5 3.e5 c5 4.c3 Nc6 5.Nf3 Qb6 6.a3 Nh6 7.b4 cxd4 8.cxd4 Nf5 
9.Be3 f6 10.exf6 gxf6 11.Bd3 Nxe3 12.fxe3 Bh6 13.Qe2 a5 14.b5 Ne7 15.O-O 
e5 16.Nxe5 fxe5 17.Qh5+ Kd8 18.Qxe5 Re8 19.Nc3 Qe6 20.Qxe6 Bxe6 21.Rae1 
Rc8 22.Na4 Ng6 23.Nc5 Rc7 24.Rf6 Bc8 25.Rd6+ Ke7 26.Rxd5 Kf8 27.Rd6 Bxe3+ 
28.Kh1 Rce7 29.Rf1+ Kg7 30.Bxg6 hxg6 31.Nb3 Bf4 0-1

[Event "20th EUR-ch"]
[Site "Skopje MKD"]
[Date "2019.03.24"]
[Round "6"]
[White "Maltsevskaya, Aleksandra"]
[Black "Aydincelebi, Kagan"]
[Result "1-0"]
[WhiteElo "2252"]
[BlackElo "2115"]
[EventDate "2019.03.18"]
[Board "152"]
[PlyCount "43"]

1.Nf3 c5 2.g3 g6 3.Bg2 Bg7 4.e4 Nc6 5.O-O Nf6 6.Nc3 d5 7.exd5 Nxd5 8.Nxd5 
Qxd5 9.d3 O-O 10.Be3 Qd6 11.Nd2 b6 12.Nc4 Qd7 13.a4 Bb7 14.a5 Nd4 15.Bxd4 
Bxd4 16.axb6 Bxg2 17.Kxg2 axb6 18.Rxa8 Rxa8 19.Nxb6 Qb7+ 20.Qf3 Rb8 21.
Qxb7 Rxb7 22.Nc4 {70...1-0} 1-0

[Event "20th EUR-ch"]
[Site "Skopje MKD"]
[Date "2019.03.24"]
[Round "6"]
[White "Efremov, Vladislav"]
[Black "Doncevic, Dario"]
[Result "1/2-1/2"]
[WhiteElo "2115"]
[BlackElo "2249"]
[EventDate "2019.03.18"]
[Board "153"]
[PlyCount "82"]

1.d4 Nf6 2.c4 e5 3.dxe5 Ng4 4.Bf4 Nc6 5.Nf3 Bb4+ 6.Nbd2 Qe7 7.e3 Ncxe5 8.
Nxe5 Nxe5 9.Be2 d6 10.O-O a5 11.Nb3 a4 12.Nd4 a3 13.Qb3 axb2 14.Qxb2 Bc5 
15.a3 O-O 16.Nb3 Nd7 17.Bf3 Ra4 18.Rfc1 Re8 19.h3 Ne5 20.Be2 h6 21.Nxc5 
dxc5 22.Bxe5 Qxe5 23.Qxe5 Rxe5 24.Rc3 g5 25.f3 Re8 ( 25...Re7 26.Kf2 Be6 
27.g4 ) 26.Kf2 Be6 27.g4 Rd8 28.Ke1 Kg7 29.Rd1 Rxd1+ 30.Kxd1 Kf8 31.f4 f6 
32.Kd2 Ke7 33.Bd3 h5 34.Ke2 Kd6 35.Kf3 Bf7 36.Be2 c6 37.Rd3+ Ke7 38.Rc3 
Be6 39.Bf1 Ra8 40.Bd3 Rd8 41.Ke2 Rh8 1/2-1/2

[Event "20th EUR-ch"]
[Site "Skopje MKD"]
[Date "2019.03.24"]
[Round "6"]
[White "Maloberti, David"]
[Black "Jarvenpaa, Jari"]
[Result "1-0"]
[WhiteElo "2113"]
[BlackElo "2243"]
[EventDate "2019.03.18"]
[Board "154"]
[PlyCount "27"]

1.d4 d6 2.c4 e5 3.Nf3 e4 4.Ng5 f5 5.f3 Be7 6.Nh3 Nf6 7.Nc3 O-O 8.Nf2 exf3 
9.exf3 Re8 10.Bd3 c5 11.d5 Bf8+ 12.Be2 b5 13.cxb5 Kh8 14.O-O {40...1-0} 
1-0

[Event "20th EUR-ch"]
[Site "Skopje MKD"]
[Date "2019.03.24"]
[Round "6"]
[White "Angun, Batu"]
[Black "Dinev, Dejan"]
[Result "1/2-1/2"]
[WhiteElo "2076"]
[BlackElo "2239"]
[EventDate "2019.03.18"]
[Board "155"]
[PlyCount "103"]

1.d4 d5 2.c4 e6 3.Nc3 Nf6 4.cxd5 exd5 5.Bg5 Be7 6.e3 O-O 7.Bd3 c6 8.Qc2 h6
9.Bh4 Re8 10.Nf3 Be6 11.O-O Nbd7 12.h3 a6 13.Bg3 Rc8 14.Ne5 c5 15.f4 cxd4 
16.exd4 Nxe5 17.fxe5 Nd7 18.Qf2 b5 19.Ne2 Nc5 20.Nf4 Nxd3 21.Nxd3 Rc4 22.
Nf4 Bf5 23.Nxd5 Qxd5 24.Qxf5 Rxd4 25.Kh2 Rd2 26.Rf2 Rxf2 27.Qxf2 Bc5 28.
Qf4 g5 29.Qf6 Re6 30.Qf5 Bf8 31.Rf1 Re8 32.b3 Bg7 33.Re1 a5 34.Kh1 Re6 35.
Rf1 Rc6 36.Qf2 Rc3 37.Re1 b4 38.Rf1 Rd3 39.Re1 Rd2 40.Re2 Rd1+ 41.Re1 Rd4 
42.Re2 Rd3 43.Re1 h5 44.Bh2 Rxh3 45.Qf5 g4 46.Qc8+ Bf8 47.e6 Rc3 48.Qe8 
fxe6 49.Rf1 Qc5 50.Qg6+ Bg7 51.Qxe6+ Kh7 52.Qe4+ 1/2-1/2

[Event "20th EUR-ch"]
[Site "Skopje MKD"]
[Date "2019.03.24"]
[Round "6"]
[White "Di Benedetto, Desiree"]
[Black "Pantovic, Dragan M"]
[Result "1-0"]
[WhiteElo "2236"]
[BlackElo "2063"]
[EventDate "2019.03.18"]
[Board "156"]
[PlyCount "101"]

1.d4 Nf6 2.Nf3 g6 3.g3 Bg7 4.Bg2 O-O 5.O-O d6 6.c4 c6 7.Nc3 Bf5 8.Nh4 Be6 
9.d5 cxd5 10.cxd5 Bd7 11.Be3 Na6 12.Bd4 Qa5 13.a3 Rfc8 14.b4 Qd8 15.Qd3 
Be8 16.Rac1 Nd7 17.Bxg7 Kxg7 18.Nf3 Nb6 19.Nd2 Rc7 20.Qd4+ Kg8 21.h4 Rac8 
22.h5 Na4 23.h6 f6 24.Na2 Rc2 25.Qe4 Rxc1 26.Rxc1 Rxc1+ 27.Nxc1 Qc7 28.Nd3
Nc3 29.Qe3 b6 30.Nf4 Bf7 31.Nb3 Nb8 32.Nd4 Nd1 33.Qd2 Nc3 34.Qe3 Nd1 35.
Qd2 Nc3 36.Nc6 Na4 37.Nxb8 Qxb8 38.Qc2 b5 39.Bh3 Nb6 40.Qe4 Qc7 41.Be6 
Qc1+ 42.Kg2 Qc4 43.Bxf7+ Kxf7 44.Qe6+ Ke8 45.Qg8+ Kd7 46.Qxh7 Nxd5 47.Qxg6
Nxf4+ 48.gxf4 Qxf4 49.h7 Qh4 50.f3 a6 51.Qg4+ 1-0

[Event "20th EUR-ch"]
[Site "Skopje MKD"]
[Date "2019.03.24"]
[Round "6"]
[White "Sukovic, Andrej"]
[Black "Roch, Florian"]
[Result "1-0"]
[WhiteElo "2235"]
[BlackElo "1916"]
[EventDate "2019.03.18"]
[Board "157"]
[PlyCount "41"]

1.e4 c5 2.Nf3 d6 3.d4 cxd4 4.Nxd4 Nf6 5.Nc3 a6 6.Bc4 e6 7.Bb3 Nbd7 8.f4 
Nc5 9.f5 Be7 10.Qf3 O-O 11.Be3 e5 12.Nde2 b5 13.Ng3 Bb7 14.O-O Qc7 15.Rf2 
Nxb3 16.axb3 Qc6 17.Bg5 d5 18.Nxd5 Bc5 19.Bxf6 gxf6 20.Nh5 Kh8 21.Nhxf6 
1-0

[Event "20th EUR-ch"]
[Site "Skopje MKD"]
[Date "2019.03.24"]
[Round "6"]
[White "Polatel, Ali"]
[Black "Filip, Andrei"]
[Result "1-0"]
[WhiteElo "2220"]
[BlackElo "1894"]
[EventDate "2019.03.18"]
[Board "158"]
[PlyCount "79"]

1.Nf3 Nf6 2.g3 d5 3.Bg2 c5 4.O-O e6 5.d3 Nc6 6.Nbd2 g6 7.e4 Bg7 8.exd5 
Nxd5 9.Nb3 b6 10.c4 Nde7 11.d4 cxd4 12.Nfxd4 Bb7 13.Bg5 Nxd4 14.Bxb7 Rb8 
15.Bg2 h6 16.Bf4 e5 17.Nxd4 exf4 18.Nc6 Qxd1 19.Raxd1 Nxc6 20.Bxc6+ Kf8 
21.Rd7 Bxb2 22.Bd5 Rh7 23.Rxa7 Rg7 24.a4 Bd4 25.Rd1 Bc5 26.a5 bxa5 27.Rxa5
Rc8 28.gxf4 f5 29.Ra6 h5 30.Kg2 g5 31.Rf6+ Ke7 32.Rxf5 gxf4+ 33.Kf3 Rf8 
34.Rxh5 Rb8 35.Re5+ Kf6 36.Re4 Rb2 37.Rxf4+ Kg6 38.Bf7+ Kh7 39.Ke4 Rxf2 
40.Rh4# 1-0

[Event "20th EUR-ch"]
[Site "Skopje MKD"]
[Date "2019.03.24"]
[Round "6"]
[White "Uzumcu, Ahmet Utku"]
[Black "Miftari, Hedon"]
[Result "1-0"]
[WhiteElo "2211"]
[BlackElo "1527"]
[EventDate "2019.03.18"]
[Board "159"]
[PlyCount "111"]

1.e4 c5 2.b3 Nc6 3.Bb2 e5 4.Nf3 d6 5.d3 Nf6 6.g3 Be7 7.Bg2 O-O 8.O-O Nd4 
9.h3 Nxf3+ 10.Qxf3 Be6 11.Qe2 Ne8 12.f4 f6 13.Nd2 Nc7 14.f5 Bf7 15.c4 g5 
16.fxg6 hxg6 17.Nf3 Kg7 18.Rf2 Rh8 19.h4 Qg8 20.Raf1 Kf8 21.Ng5 fxg5 22.
Rxf7+ Qxf7 23.Rxf7+ Kxf7 24.hxg5 Ne6 25.Qf3+ Kg7 26.Qg4 Kf7 27.Bc1 Rae8 
28.Bh3 Bd8 29.a3 Rh5 30.Kg2 b6 31.b4 Bxg5 32.Qf3+ Kg7 33.Bxe6 Rxe6 34.Qg4 
Kf6 35.Qf3+ Kg7 36.g4 Rf6 37.Qd1 Bxc1 38.gxh5 Bxa3 39.Qa4 Bxb4 40.Qd7+ Kh6
41.Qd8 Rf7 42.Qxd6 Rg7 43.Qxe5 gxh5+ 44.Kf3 a5 45.Qf6+ Rg6 46.Qf8+ Kh7 47.
e5 Bc3 48.Ke4 Rg5 49.Qf7+ Kh6 50.e6 Rg4+ 51.Kf3 Rg7 52.Qf8 Kg6 53.e7 Rf7+ 
54.Kg2 Bg7 55.Qd8 Bf6 56.Qg8+ 1-0

[Event "20th EUR-ch"]
[Site "Skopje MKD"]
[Date "2019.03.24"]
[Round "6"]
[White "Kocyigit, Buse Naz"]
[Black "Gunduz, Umut Erdem"]
[Result "0-1"]
[WhiteElo "1973"]
[BlackElo "2205"]
[EventDate "2019.03.18"]
[Board "160"]
[PlyCount "76"]

1.e4 c6 2.d4 d5 3.Nc3 dxe4 4.Nxe4 Nf6 5.Nxf6+ exf6 6.g3 Bd6 7.Bg2 O-O 8.
Ne2 Re8 9.O-O Bg4 10.f3 Bf5 11.Bf4 Rxe2 12.Qxe2 Bxf4 13.gxf4 Qxd4+ 14.Kh1 
Nd7 15.Rad1 Qxb2 16.Qe7 Nf8 17.Rb1 Qxc2 18.Qxb7 Rd8 19.Qb3 Rd2 20.Qxc2 
Rxc2 21.Ra1 Ng6 22.Rfc1 Rb2 23.Rxc6 Nh4 24.Bf1 Nxf3 25.Bg2 Nh4 26.Re1 g6 
27.Bd5 Be6 28.Be4 Rxa2 29.Rc2 Ra4 30.Kg1 f5 31.Bb7 Rxf4 32.Rf1 Rb4 33.Bc6 
f4 34.Ra1 Nf5 35.Rxa7 Rb1+ 36.Kf2 Ne3 37.Rc5 Bg4 38.Bb5 Rb2+ 0-1

[Event "20th EUR-ch"]
[Site "Skopje MKD"]
[Date "2019.03.24"]
[Round "6"]
[White "Velkovski, Kristijan"]
[Black "Sokolovsky, Yahli"]
[Result "0-1"]
[WhiteElo "2003"]
[BlackElo "2278"]
[EventDate "2019.03.18"]
[Board "161"]
[PlyCount "75"]

1.e4 c5 2.Nf3 d6 3.Bb5+ Bd7 4.Bxd7+ Qxd7 5.O-O Nf6 6.Re1 Nc6 7.c3 e6 8.d4 
cxd4 9.cxd4 d5 10.exd5 Nxd5 11.Nc3 Bb4 12.Bd2 Bxc3 13.bxc3 Nb6 14.Qe2 Qd5 
15.Rab1 Nc4 16.Rxb7 O-O 17.Rbb1 Rfb8 18.Bf4 Rb6 19.Ng5 Rc8 20.Rxb6 Nxb6 
21.Ne4 Ne7 22.Bd6 Ng6 23.Bc5 f5 24.Nd6 Nf4 25.Qf1 Rf8 26.c4 Qc6 27.f3 Rf6 
28.g3 Rg6 29.Kh1 Nh5 30.Qf2 Nd7 31.Nxf5 exf5 32.Re8+ Kf7 33.Re7+ Kf6 34.
Qe3 f4 35.gxf4 Rh6 36.d5 Ng3+ 37.Kg2 Nf5 38.Qc3+ 0-1

[Event "20th EUR-ch"]
[Site "Skopje MKD"]
[Date "2019.03.24"]
[Round "6"]
[White "Arsovic, Zoran"]
[Black "Krstev, Emil"]
[Result "1-0"]
[WhiteElo "2422"]
[BlackElo "2050"]
[EventDate "2019.03.18"]
[Board "162"]
[PlyCount "111"]

1.Nf3 f5 2.g3 Nf6 3.Bg2 e6 4.O-O Nc6 5.c4 Bd6 6.Nc3 O-O 7.d4 b6 8.e4 Nxe4 
9.Nxe4 fxe4 10.Ng5 Be7 11.Nxe4 Bb7 12.h4 Kh8 13.Bg5 h6 14.Be3 Qe8 15.d5 
Nd8 16.dxe6 dxe6 17.Qg4 c5 18.Rad1 Bc6 19.Rd2 Qf7 20.Nd6 Qf6 21.Be4 Bxe4 
22.Qxe4 Qf3 23.Qxf3 Rxf3 24.Ne4 Nc6 25.Rd7 Rff8 26.Rfd1 Rfd8 27.R1d2 Kg8 
28.Rc7 Rdc8 29.Rdd7 Kf8 30.Bf4 Rxc7 31.Rxc7 Nd4 32.Kg2 Nf5 33.h5 Rd8 34.
Be5 Rd1 35.Bc3 a6 36.Rb7 Nd6 37.Nxd6 Rxd6 38.Be5 Rc6 39.Bxg7+ Kxg7 40.
Rxe7+ Kf6 41.Rh7 Rd6 42.g4 Rd4 43.Kg3 Rxc4 44.Rxh6+ Kf7 45.g5 Rc1 46.Rf6+ 
Ke7 47.h6 Rg1+ 48.Kf4 Rh1 49.Rg6 c4 50.Rg7+ Kd6 51.Rb7 b5 52.a3 Rh4+ 53.
Kg3 Rh1 54.h7 Ke5 55.g6 Kf6 56.Rb8 1-0

[Event "20th EUR-ch"]
[Site "Skopje MKD"]
[Date "2019.03.24"]
[Round "6"]
[White "Dwilewicz, Katarzyna"]
[Black "Martinov, Levko"]
[Result "1/2-1/2"]
[WhiteElo "2040"]
[BlackElo "2225"]
[EventDate "2019.03.18"]
[Board "163"]
[PlyCount "86"]

1.e4 c5 2.Nf3 Nc6 3.c3 e6 4.d4 d5 5.exd5 exd5 6.Bd3 cxd4 7.cxd4 Nf6 8.h3 
Be7 9.O-O O-O 10.Nc3 h6 11.Re1 Bd6 12.a3 Re8 13.Rxe8+ Qxe8 14.b4 Be6 15.
Nb5 Bb8 16.Qe2 a6 17.Nc3 Ba7 18.Be3 Rc8 19.Rc1 Ne7 20.g4 Bb8 21.Ne5 Nd7 
22.f4 f6 23.Nxd7 Qxd7 24.Bb1 Bf7 25.Kg2 g5 26.Qf3 Qd6 27.h4 gxf4 28.Bd2 
Kh8 29.Ne2 Rxc1 30.Bxc1 Ng6 31.Bxg6 Bxg6 32.Qxf4 Qxf4 33.Bxf4 Bxf4 34.Nxf4
Be4+ 35.Kf2 Kg8 36.Ne6 b6 37.Ke3 Kf7 38.Nc7 a5 39.b5 Ke7 40.Na8 Kd6 41.
Nxb6 Bc2 42.Kd2 Bb3 43.a4 Ke6 1/2-1/2

[Event "20th EUR-ch"]
[Site "Skopje MKD"]
[Date "2019.03.24"]
[Round "6"]
[White "Karaoglan, Kivanc"]
[Black "Stoinev, Metodi"]
[Result "1-0"]
[WhiteElo "1943"]
[BlackElo "2215"]
[EventDate "2019.03.18"]
[Board "164"]
[PlyCount "101"]

1.e4 e5 2.Nc3 Bc5 3.Bc4 Nf6 4.d3 Nc6 5.f4 d6 6.Nf3 a6 7.f5 h6 8.h3 b5 9.
Bb3 Na5 10.g4 Nxb3 11.axb3 Bb7 12.Qe2 Qd7 13.Be3 Bxe3 14.Qxe3 Qc6 15.b4 
O-O-O 16.O-O Rhe8 17.Rfe1 d5 18.Qc5 Qxc5+ 19.bxc5 dxe4 20.Nxe4 Nxe4 21.
dxe4 f6 22.b4 h5 23.Kf2 hxg4 24.hxg4 g6 25.Ke3 gxf5 26.gxf5 Rg8 27.Rg1 Bc6
28.c3 Kb7 29.Rg6 Rgf8 30.Rh1 Rf7 31.Rh2 Rd1 32.Rg1 Rd8 33.Rd2 Ra8 34.Ra2 
Rd7 35.Rg6 Rf8 36.Rag2 Rdd8 37.Rg7 Rd1 38.Rg1 Rxg1 39.Rxg1 a5 40.bxa5 Ra8 
41.Rg6 Rxa5 42.Rxf6 Ra4 43.Ng5 Ra3 44.Kd2 Ra2+ 45.Kd3 Rg2 46.Nf3 Rg4 47.
Rxc6 Rg3 48.Re6 Rxf3+ 49.Kd2 Rh3 50.Rxe5 Kc6 51.f6 1-0

[Event "20th EUR-ch"]
[Site "Skopje MKD"]
[Date "2019.03.24"]
[Round "6"]
[White "Miloi, Pavel-Dan"]
[Black "Kacakovski, Dimitar"]
[Result "1/2-1/2"]
[WhiteElo "2119"]
[BlackElo "2043"]
[EventDate "2019.03.18"]
[Board "165"]
[PlyCount "51"]

1.e4 e5 2.Nf3 Nf6 3.Nxe5 d6 4.Nf3 Nxe4 5.Qe2 Qe7 6.d3 Nf6 7.Nc3 c6 8.Bg5 
Qxe2+ 9.Bxe2 Be7 10.O-O-O Nbd7 11.Rde1 O-O 12.Bd1 Bd8 13.h3 Bb6 14.Be3 Re8
15.g4 Bxe3+ 16.Rxe3 Rxe3 17.fxe3 d5 18.g5 Ne8 19.e4 dxe4 20.Nxe4 f5 21.
gxf6 Ndxf6 22.c3 Bf5 23.Bb3+ Kf8 24.Nf2 Nc7 25.Nd4 Bg6 26.Re1 1/2-1/2

[Event "20th EUR-ch"]
[Site "Skopje MKD"]
[Date "2019.03.24"]
[Round "6"]
[White "Vetokhin, Savva"]
[Black "Ivanova, Karina"]
[Result "1-0"]
[WhiteElo "2022"]
[BlackElo "2114"]
[EventDate "2019.03.18"]
[Board "166"]
[PlyCount "85"]

1.e4 e5 2.Nf3 Nc6 3.Bb5 a6 4.Ba4 Nf6 5.O-O b5 6.Bb3 Be7 7.d3 d6 8.a3 O-O 
9.Nc3 Be6 10.Bg5 Bxb3 11.cxb3 Nd7 12.Be3 Re8 13.Rc1 Na7 14.d4 Bf6 15.Nd5 
c6 16.Nxf6+ Qxf6 17.dxe5 Nxe5 18.Nxe5 Qxe5 19.Bxa7 Rxa7 20.Rxc6 Qxb2 21.
Qxd6 h6 22.Rxa6 Rxa6 23.Qxa6 Qxb3 24.f3 Rd8 25.Kh1 Qe3 26.Qa5 Qd3 27.Re1 
Rc8 28.h3 Rc2 29.Qb4 Ra2 30.Qb1 Qd2 31.Rg1 Qe2 32.Qb3 Rb2 33.Qc3 Ra2 34.
Qc8+ Kh7 35.Qc3 Kg8 36.Qc8+ Kh7 37.Qf5+ Kg8 38.Qd5 Qb2 39.Qd7 Qb3 40.Rc1 
Rxg2 41.Rc8+ Kh7 42.Kxg2 Qb2+ 43.Kg3 1-0

[Event "20th EUR-ch"]
[Site "Skopje MKD"]
[Date "2019.03.24"]
[Round "6"]
[White "Ivankovic, Ivo"]
[Black "Andolfatto, Maria"]
[Result "1-0"]
[WhiteElo "2109"]
[BlackElo "2033"]
[EventDate "2019.03.18"]
[Board "167"]
[PlyCount "85"]

1.c4 e6 2.g3 d5 3.Bg2 Nf6 4.Nf3 dxc4 5.Qa4+ Bd7 6.Qxc4 c5 7.Ne5 Qc8 8.O-O 
Nc6 9.Nxd7 Qxd7 10.Nc3 Be7 11.Qa4 Rc8 12.d3 O-O 13.Bf4 Rfd8 14.Rfc1 b6 15.
h3 Qb7 16.Kh2 a6 17.Be3 b5 18.Qf4 Bd6 19.Qh4 Nd7 20.Be4 f5 21.Bg2 Qb8 22.
Bg5 Re8 23.e4 Nce5 24.exf5 exf5 25.Rd1 Nb6 26.Qh5 Nf7 27.Re1 Nxg5 28.Qxg5 
f4 29.Be4 fxg3+ 30.fxg3 Re5 31.Qg4 Rce8 32.Rf1 Qc8 33.Bf5 Qc7 34.Ne4 Nd5 
35.Rf3 Qe7 36.Raf1 Kh8 37.Bxh7 Nf6 38.Nxf6 Re2+ 39.R1f2 Rxf2+ 40.Rxf2 gxf6
41.Be4 Rf8 42.Rf5 Rf7 43.Rh5+ 1-0

[Event "20th EUR-ch"]
[Site "Skopje MKD"]
[Date "2019.03.24"]
[Round "6"]
[White "Markovski, Velo"]
[Black "Asllani, Muhamet"]
[Result "0-1"]
[WhiteElo "1935"]
[BlackElo "2105"]
[EventDate "2019.03.18"]
[Board "168"]
[PlyCount "50"]

1.e4 e5 2.Nf3 Nc6 3.Bc4 Nf6 4.Ng5 d5 5.exd5 Na5 6.Bb5+ c6 7.dxc6 bxc6 8.
Ba4 h6 9.Nh3 Bg4 10.f3 Bxh3 11.gxh3 Nh5 12.Qe2 Qh4+ 13.Kd1 Bd6 14.Qe4 Qxh3
15.Bxc6+ Nxc6 16.Qxc6+ Ke7 17.Qb7+ Kf6 18.Nc3 Kg6 19.Qe4+ f5 20.Qc6 Kh7 
21.Ne2 Rad8 22.d3 Rhe8 23.c3 e4 24.fxe4 Qxd3+ 25.Ke1 Rxe4 0-1

[Event "20th EUR-ch"]
[Site "Skopje MKD"]
[Date "2019.03.24"]
[Round "6"]
[White "Hart, Alexander"]
[Black "Janjic, Stefan"]
[Result "0-1"]
[WhiteElo "1885"]
[BlackElo "2086"]
[EventDate "2019.03.18"]
[Board "170"]
[PlyCount "100"]

1.Nf3 d5 2.c4 e6 3.g3 Nf6 4.b3 Bd6 5.Bb2 O-O 6.Bg2 Nbd7 7.O-O c6 8.d3 e5 
9.c5 Bc7 10.Qc2 Qe7 11.b4 e4 12.dxe4 Nxe4 13.Nbd2 f5 14.e3 Rf7 15.Nb3 Nf8 
16.Rac1 Ng6 17.Nbd4 Qe8 18.a4 Bd7 19.Qb3 Ne5 20.Rc2 Nc4 21.Rxc4 dxc4 22.
Qxc4 a6 23.Rc1 Kf8 24.Ba3 Rf6 25.Bh3 Qh5 26.Bg2 Qf7 27.Qd3 Rd8 28.b5 axb5 
29.axb5 Qd5 30.Ng5 Kg8 31.Nxe4 fxe4 32.Bxe4 Qh5 33.bxc6 Bxc6 34.Bxc6 bxc6 
35.Qf1 Rdf8 36.Rc2 Be5 37.Bb2 Qg6 38.Qc4+ Kh8 39.f4 Bxf4 40.exf4 Rxf4 41.
Qe2 Re4 42.Qd2 h5 43.Ne2 Rfe8 44.Nd4 Re1+ 45.Kf2 Qe4 46.Nf3 Re3 47.Ng5 
Rf8+ 48.Kg1 Re1+ 49.Qxe1 Qxe1+ 50.Kg2 Qf1# 0-1

[Event "20th EUR-ch"]
[Site "Skopje MKD"]
[Date "2019.03.24"]
[Round "6"]
[White "Gebigke, Martin"]
[Black "Huttl, Sofie"]
[Result "1-0"]
[WhiteElo "2078"]
[BlackElo "1741"]
[EventDate "2019.03.18"]
[Board "171"]
[PlyCount "49"]

1.d4 d5 2.c4 e6 3.Nc3 Nf6 4.cxd5 exd5 5.Bg5 Nbd7 6.e3 c6 7.Bd3 Bd6 8.Qc2 
h6 9.Bh4 O-O 10.Nge2 Qe8 11.O-O-O Qe6 12.Bf5 Qe7 13.h3 b5 14.g4 g5 15.Bg3 
Nb6 16.Bxd6 Qxd6 17.Ng3 Be6 18.Bxe6 Qxe6 19.h4 Nxg4 20.Nf5 f6 21.Nxh6+ 
Nxh6 22.Qg6+ Kh8 23.Qxh6+ Kg8 24.Qg6+ Kh8 25.hxg5+ 1-0

[Event "20th EUR-ch"]
[Site "Skopje MKD"]
[Date "2019.03.24"]
[Round "6"]
[White "Peycheva, Gergana"]
[Black "Taleski, Vaso"]
[Result "1-0"]
[WhiteElo "2065"]
[BlackElo "1677"]
[EventDate "2019.03.18"]
[Board "172"]
[PlyCount "97"]

1.d4 Nf6 2.c4 e6 3.Nc3 Bb4 4.e3 c5 5.Ne2 Ne4 6.Qc2 d5 7.a3 Bxc3+ 8.Nxc3 
Nxc3 9.bxc3 cxd4 10.exd4 dxc4 11.Bxc4 O-O 12.O-O Qc7 13.Bd3 f5 14.Re1 Nc6 
15.Bc4 b5 16.Bb3 Kh8 17.a4 bxa4 18.Rxa4 Bd7 19.Ra2 Rac8 20.Ba3 Rf6 21.Bc5 
Rh6 22.h3 Na5 23.Rea1 Nxb3 24.Qxb3 Bc6 25.Rxa7 Qf4 26.c4 Rb8 27.Qe3 Qxe3 
28.fxe3 Rg6 29.R1a2 h5 30.Bd6 Rb1+ 31.Kh2 Rc1 32.c5 Bd5 33.Rb2 Kh7 34.Rc7 
Re1 35.Rc8 Rxe3 36.c6 Rc3 37.c7 e5 38.Bxe5 Rgc6 39.Rd8 Be4 40.d5 Rxc7 41.
Bxc7 Rxc7 42.d6 Rc3 43.Rd2 g5 44.d7 g4 45.Rh8+ Kg7 46.d8=Q g3+ 47.Kg1 Rc1+
48.Rd1 Rxd1+ 49.Qxd1 1-0

[Event "20th EUR-ch"]
[Site "Skopje MKD"]
[Date "2019.03.24"]
[Round "6"]
[White "Veljanoski, Andrej"]
[Black "Krstevski, Vladimir"]
[Result "1-0"]
[WhiteElo "2063"]
[BlackElo "1451"]
[EventDate "2019.03.18"]
[Board "173"]
[PlyCount "125"]

1.e4 d5 2.exd5 Qxd5 3.Nc3 Qd8 4.d4 c6 5.Bc4 Nf6 6.Nf3 Bf5 7.Ne5 e6 8.g4 
Bg6 9.h4 Nbd7 10.Qe2 h6 11.Nxg6 fxg6 12.Qxe6+ Qe7 13.f3 Nb6 14.Qxe7+ Bxe7 
15.Bd3 Kf7 16.Ne2 Rae8 17.Bd2 Bd6 18.O-O-O Nbd5 19.Rde1 Ne3 20.Bxe3 Rxe3 
21.Bc4+ Nd5 22.Nc3 Bf4 23.Kb1 Rxe1+ 24.Rxe1 Bd2 25.Re5 Bxc3 26.bxc3 Rd8 
27.Kc1 Kf8 28.Bxd5 cxd5 29.Kd2 Kf7 30.Kd3 Rd6 31.a4 b6 32.c4 dxc4+ 33.Kxc4
Rc6+ 34.Kd3 Rf6 35.Re3 h5 36.Ke4 Rc6 37.c3 Rc4 38.Kd5 Rxa4 39.c4 Rb4 40.c5
bxc5 41.dxc5 hxg4 42.c6 Rb1 43.fxg4 Rd1+ 44.Kc5 Rc1+ 45.Kd6 Rd1+ 46.Kc7 
Rd4 47.Kb8 Rxg4 48.c7 Rb4+ 49.Kxa7 Rc4 50.Kb7 Rb4+ 51.Ka6 Rc4 52.Kb6 Kf6 
53.Re8 Kf5 54.c8=Q+ Rxc8 55.Rxc8 Kg4 56.Rc4+ Kh5 57.Kc5 g5 58.hxg5 Kxg5 
59.Kd5 Kf5 60.Kd4 Kf4 61.Kd3+ Kf3 62.Rc5 Kf4 63.Ke2 1-0

[Event "20th EUR-ch"]
[Site "Skopje MKD"]
[Date "2019.03.24"]
[Round "6"]
[White "Batkoski, Nenad"]
[Black "Trisha, Kanyamarala"]
[Result "0-1"]
[WhiteElo "1846"]
[BlackElo "2061"]
[EventDate "2019.03.18"]
[Board "174"]
[PlyCount "54"]

1.e4 c5 2.Nf3 d6 3.d4 cxd4 4.Nxd4 Nf6 5.Nc3 Nc6 6.h3 e5 7.Nf3 Be6 8.Be3 d5
9.exd5 Nxd5 10.Nxd5 Bxd5 11.Be2 Be7 12.Qd2 O-O 13.a3 Rc8 14.Rd1 Be4 15.Bd3
Bxf3 16.gxf3 Nd4 17.Bxd4 exd4 18.Be4 Qb6 19.O-O Qe6 20.Kg2 f5 21.Bd3 Qg6+ 
22.Kh1 Qh5 23.Qf4 Qxh3+ 24.Qh2 Qxf3+ 25.Qg2 Qh5+ 26.Qh2 Qf7 27.Qg2 Rc6 0-1

[Event "20th EUR-ch"]
[Site "Skopje MKD"]
[Date "2019.03.24"]
[Round "6"]
[White "Birkholz, Olga"]
[Black "Caglar, Sila"]
[Result "1-0"]
[WhiteElo "2037"]
[BlackElo "2094"]
[EventDate "2019.03.18"]
[Board "175"]
[PlyCount "117"]

1.d4 Nf6 2.Nc3 d5 3.Bf4 g6 4.e3 Bg7 5.Be2 Ne4 6.Nxe4 dxe4 7.g4 O-O 8.c3 c5
9.Qc2 cxd4 10.exd4 Be6 11.h4 f5 12.gxf5 Bxf5 13.Qb3+ Kh8 14.O-O-O Nc6 15.
Be3 a5 16.a4 Rc8 17.Kb1 Qd6 18.Nh3 Be6 19.d5 Bg8 20.h5 Ne5 21.hxg6 Nxg6 
22.Ng5 Nf4 23.Bg4 Rcd8 24.Be6 Nxe6 25.dxe6 Qc7 26.Rdg1 Qd6 27.Rd1 Qc7 28.
Rdg1 Qd6 29.Nxe4 Qd3+ 30.Qc2 Qxc2+ 31.Kxc2 Bxe6 32.Rxh7+ Kxh7 33.Ng5+ Kh8 
34.Nxe6 Bf6 35.Nxd8 Rxd8 36.Rh1+ Kg7 37.Rd1 Rb8 38.Bb6 Bh4 39.Rh1 Bf6 40.
Kb3 Ra8 41.Kc4 Kf7 42.Kb5 Ra6 43.Rd1 Ke6 44.Rd8 Be5 45.Rd2 Bf4 46.Re2+ Kd7
47.Bxa5 Rf6 48.c4 Rf5+ 49.c5 Rd5 50.Bc3 Bd6 51.b4 Bf4 52.a5 Rd3 53.Rc2 e5 
54.Kb6 Kc8 55.Kb5 e4 56.Kc4 Rf3 57.Bd4 Bc7 58.Re2 Rf4 59.Kd5 1-0

[Event "20th EUR-ch"]
[Site "Skopje MKD"]
[Date "2019.03.24"]
[Round "6"]
[White "Bejatovic, Bojana"]
[Black "Hadzi-Manev, Ljubomir"]
[Result "1/2-1/2"]
[WhiteElo "2058"]
[BlackElo "2030"]
[EventDate "2019.03.18"]
[Board "176"]
[PlyCount "23"]

1.d4 d5 2.Nf3 c5 3.e3 e6 4.c3 Nc6 5.Bd3 Nf6 6.O-O Bd6 7.Nbd2 O-O 8.dxc5 
Bxc5 9.e4 dxe4 10.Nxe4 Nxe4 11.Bxe4 Qxd1 12.Rxd1 1/2-1/2

[Event "20th EUR-ch"]
[Site "Skopje MKD"]
[Date "2019.03.24"]
[Round "6"]
[White "Tadic, Katarina"]
[Black "Gerguri, Arsim"]
[Result "1/2-1/2"]
[WhiteElo "2031"]
[BlackElo "1956"]
[EventDate "2019.03.18"]
[Board "177"]
[PlyCount "26"]

1.Nf3 Nf6 2.c4 e6 3.d4 d5 4.e3 a5 5.Nc3 Be7 6.cxd5 exd5 7.h3 Bf5 8.Bd3 
Bxd3 9.Qxd3 O-O 10.O-O Nbd7 11.Rb1 c6 12.b4 Nb6 13.Nd2 Re8 1/2-1/2